[Event "Reggio Emilia 41th"]
[Site "Reggio Emilia "]
[Date "1998.12.31"]
[Round "4"]
[White "Solozhenkin, Evgeniy"]
[Black "Komarov, Dimitri"]
[Result "1-0"]
[WhiteElo "2535"]
[BlackElo "2570"]
[Annotator "Lutz,C"]
[PlyCount "89"]
[EventDate "1998.12.28"]
[EventType "tourn"]
[EventRounds "9"]
[EventCountry "ITA"]
[EventCategory "8"]
[SourceTitle "CBM 069"]
[Source "ChessBase"]
[SourceDate "1999.04.01"]
[SourceVersion "1"]
[SourceVersionDate "1999.04.01"]
[SourceQuality "1"]

1. d4 d5 2. Nf3 Nf6 3. c4 c6 4. Nc3 e6 5. e3 Nbd7 6. Qc2 Bd6 7. Bd3 O-O 8. O-O
e5 $6 (8... dxc4) 9. cxd5 cxd5 10. e4 dxe4 (10... exd4 11. Nxd5 Nxd5 12. exd5
h6 13. Nxd4 Qh4 14. Nf3 Qh5 {ist das etwas spannendere Abspiel in dieser
Variante. Die Folgen sind noch nicht restlos geklärt.}) 11. Nxe4 Nxe4 12. Bxe4
h6 13. Be3 exd4 14. Bh7+ Kh8 15. Bxd4 Nf6 16. Bf5 $14 {Wie es aussieht, hat
Weiß hier einfach die bessere Stellung, ohne jegliches Risiko. Der Weg des
Schwarzen zum Unentschieden ist nicht so einfach.} Qa5 (16... Bxf5 17. Qxf5 Qc8
18. Qb5 a6 19. Qb6 $14 {1-0 Karpov,A-Kramnik,V/Vienna 1996/CBM 55/[Lutz] (59)})
17. Bxc8 Rfxc8 18. Qb3 Qd5 19. Rfd1 (19. Bxf6 Qxb3 20. Bxg7+ Kxg7 21. axb3 Be7
$14 {1/2-1/2 Bareev,E-Dreev,A/Elista 1998/ CBM 65/[Lutz](25)}) 19... Qxb3 20.
axb3 Ne4 21. Rxa7 $146 (21. Bxa7 Rc2 22. Ra4 Bc5 23. Bxc5 Rxa4 24. bxa4 Nxc5
25. h4 Nxa4 26. Rd7 Rxb2 27. Rxf7 Kg8 28. Rc7 b5 29. Nd4 {1/2-1/2 Tkachiev,
V-Relange,E/Hastings 1998/CBM 63/[Lutz] (29)}) 21... Rxa7 22. Bxa7 Rc2 23. Bd4
Bc5 $6 {Vielleicht hat Schwarz den folgenden Zug unterschätzt.} (23... f6 $5
24. Kf1 (24. Ne1 Rd2) 24... Bc5 {/\} 25. Ne1 Rd2) 24. Ne1 $1 Re2 25. Bxc5 Nxc5
26. b4 Na4 27. b3 Nc3 28. Kf1 Rb2 (28... Rxf2+ 29. Kxf2 Nxd1+ 30. Ke2 Nc3+ 31.
Kd3 {und Weiß gewinnt den schwarzen b-Bauern.}) 29. Rd7 f6 30. g3 (30. Rxb7 $5
Nd1 (30... Ne4 31. Nd3 Rd2 32. f3 $16) 31. Nd3 Rd2 32. Nc5 Nxf2 33. Re7 $16)
30... b5 $6 (30... Rxb3 $5 31. Rxb7 Na2 32. Nc2 Rb2 33. Ne3 Rxb4 (33... Nxb4
34. Nc4 Rb1+ 35. Kg2 {und Schwarz steht in einer häßlichen Fesselung}) 34. Ra7
Nc3 35. Nf5 Rb2 36. Nxg7 Ne4 $132) 31. Nd3 Rb1+ 32. Kg2 Rxb3 33. h4 h5 $2 (
33... Na2 34. Nf4 Nxb4 35. Ne6 $40) 34. Nf4 Rxb4 35. Nxh5 Re4 36. Rxg7 Re5 37.
Rc7 Nd5 38. Rc8+ Kh7 39. g4 $18 b4 40. Kg3 Kg6 41. Rb8 Re4 42. Rb5 Nc7 43. Rb6
Ne6 44. f3 Re1 45. Nf4+ 1-0

[Event "KasparovChess GP g/60"]
[Site "Internet"]
[Date "2000.02.13"]
[Round "2.2"]
[White "Van Wely, Loek"]
[Black "Kasparov, Garry"]
[Result "0-1"]
[WhiteElo "2646"]
[BlackElo "2851"]
[Annotator "Lutz,C"]
[PlyCount "112"]
[EventDate "2000.02.09"]
[EventType "k.o."]
[EventRounds "4"]
[EventCountry "NET"]
[SourceTitle "CBM 076"]
[Source "ChessBase"]
[SourceDate "2000.05.31"]
[SourceVersion "1"]
[SourceVersionDate "2000.05.31"]
[SourceQuality "1"]

1. d4 {King} Nf6 2. Nf3 d5 3. c4 e6 4. Nc3 c6 5. e3 Nbd7 6. Qc2 Bd6 7. Bd3 O-O
8. O-O dxc4 9. Bxc4 a6 10. a4 c5 11. Rd1 Qc7 12. Ne4 Nxe4 13. Qxe4 Nf6 14. Qh4
cxd4 15. Bd3 h6 16. e4 ({Wegen} 16. exd4 $5 {und vorheriger Abzweigungen siehe
Zvgainsev,V-Anand,V (Tilburg Fontys 1998)}) 16... Nd7 17. Bxh6 gxh6 18. Rac1
Qd8 19. Qxh6 Qf6 20. Qxf6 Nxf6 21. e5 {Diese Stellung wurde von Anand in NIC 8/
1998 als klar vorteilhaft für Weiß angegeben. Aber wo andere Spieler ihre
Analysen beenden, fängt Kasparov erst richtig an...} Be7 22. exf6 Bxf6 {
Weiß hat einen deutlichen Entwicklungsvorsprung und der Pd4 neigt zur Schwäche.
Auf der anderen Seite hat Schwarz das Läuferpaar. Letzteres kann sich in der
Partie effektvoll in Szene setzen. Ungeachtet des Ergebnisses gefällt mir die
weiße Stellung trotzdem etwas besser für Weiß.} 23. Be4 Rd8 24. g4 (24. Rc7 $5
Rb8 25. b3 b5 26. a5 b4 $13) (24. Ne1 $5 {/\ Nd3, f4}) 24... Rb8 25. g5 Bh8 26.
Ne1 {"nebst Nd3 und f2-f4, und Weiß hat alles im Griff" wird sich Van Wely
gedacht haben, aber Kasparov kontert energisch.} Bd7 27. a5 {King: 'If Black
is not careful he could easily find himself in a situation similar to the last
game, Svidler-De Firmian, where the blockading knight on d3 prevented any
meaningful counterplay. Van Wely is just a moment away from realising his
dream, but Kasparov senses the danger. He finds a way to make his bishop pair
work.'} Ba4 {King: 'Forcing the rooks apart slightly disturbs White's
coordination. '} 28. Rd2 d3 $1 {'!!' King. King: 'The key move. Kasparov
judges that it is worth giving up a pawn to give the bishop on h8 some freedom.
In fact White has several weak points in his position which can be attacked by
the bishops: White's king and the queenside pawns.' Ein beachtenswertes
Bauernopfer. Der Bh8 erwacht zum Leben. Würde Schwarz nur einen Zug zögern, so
könnte Weiß mit 29.Nd3 "den Deckel draufhalten".} 29. Rxd3 (29. Nxd3 $5 {
kommt stark in Betracht. Die Pointe ist, dass nach} b6 30. axb6 Rxb6 31. Nf4 $1
Rxd2 $2 32. Rc8+ Kg7 33. Nh5# {Schwarz matt wird. Nach einem normalen Zug wie
31...Rdb8 hat Schwarz jedoch genügend Kompensation.}) 29... Bb5 30. Rxd8+ Rxd8
31. Nf3 $2 {Nun wendet sich langsam das Blatt, da der verbleibende Pa5 ein
dankbares Ziel für den schwarzfeldrigen Läufer ist.} (31. b3 $5 Bb2 32. Rb1 Bc3
33. Bxb7 Bxa5 34. Nf3 $11 {, und Weiß wird nicht so schnell den Pb3 verlieren.}
) 31... Bxb2 32. Rc7 Ba3 33. Rxb7 Rd1+ 34. Kg2 Bd6 $1 {King: 'Threat: ...Bf1+'
Nimmt dem Springer das Feld e5 und stellt gleichzeitig die "kleine" Drohung ...
Bf1+ auf.} 35. Kh3 Rc1 {King: 'A tricky move, threatening to move to c3 or c4
to hassle the minor pieces and king.'} 36. Nd4 Bf1+ 37. Bg2 (37. Kg4 Rc4 $19)
37... Rc3+ 38. f3 Bd3 $17 {King: 'Compare this position with the one just
before Black played ...d3. The bishop pair dominates, in spite of still being
a clear pawn down.' Der Bg2 ist völlig eingemauert. Der weiße Mehrbauer spielt
keine Rolle.} 39. Rb3 Rxb3 40. Nxb3 Bb4 41. f4 Bc4 42. Nd4 Bxa5 43. f5 Bc3 44.
Nc6 a5 {King: 'The a-pawn is unstopppable - by reasonable methods.'} 45. Nxa5
Bxa5 46. Be4 Bd5 47. Bd3 Bc7 48. f6 Bf4 49. Kg4 Bxh2 50. g6 e5 51. Kf5 Be6+ 52.
Kg5 Bf4+ 53. Kh5 Bd5 54. Kg4 fxg6 55. Bxg6 Be6+ 56. Kf3 Bg5 {King: 'Brilliant
judgement from Kasparov.'} 0-1

[Event "Radulescu Memorial"]
[Site "Calimanesti"]
[Date "1999.??.??"]
[Round "6"]
[White "Benkovic, Petar"]
[Black "Nisipeanu, Liviu Dieter"]
[Result "0-1"]
[WhiteElo "2364"]
[BlackElo "2594"]
[Annotator "Lutz,C"]
[PlyCount "80"]
[EventDate "1999.02.??"]
[EventType "tourn"]
[EventRounds "13"]
[EventCountry "ROU"]
[EventCategory "8"]
[SourceTitle "CBM 070"]
[Source "ChessBase"]
[SourceDate "1999.06.08"]
[SourceVersion "1"]
[SourceVersionDate "1999.06.08"]
[SourceQuality "1"]

1. Nf3 Nf6 2. c4 e6 3. Nc3 d5 4. d4 c6 5. e3 Nbd7 6. Qc2 Bd6 7. Bd3 O-O 8. O-O
dxc4 9. Bxc4 b5 10. Be2 Bb7 11. Rd1 Qb8 12. a3 Rc8 $146 (12... a6 13. e4 e5 14.
dxe5 Nxe5 15. Nd4 Ng6 16. g3 c5 17. Nf5 Be5 18. Bg5 Re8 19. Bxf6 Bxf6 20. Nd5
Bxd5 21. Rxd5 c4 22. Rad1 Qc7 23. Nd6 Red8 24. f4 Ne7 25. R5d2 Bxb2 26. Qxb2 c3
27. Qb3 {Barbero,G-Boudre,J/St Affrique 1994/EXT 99/1-0 (40)}) (12... a5 13. e4
b4 14. Na4 b3 15. Qxb3 Nxe4 16. Bc4 c5 17. d5 Ne5 18. Nxe5 Bxe5 19. h3 exd5 20.
Bxd5 Bh2+ 21. Kf1 Ba6+ 22. Ke1 Bg1 23. Be3 Qxb3 24. Bxb3 Nxf2 25. Nxc5 Rfe8 26.
Kd2 Nxd1 27. Bxg1 Rad8+ {0-1 Lobron,E-Gabriel,C/Bad Homburg 1998/CBM 66/[Lutz]
(27)}) 13. h3 (13. b4 $5 a5 14. Rb1 axb4 15. axb4 Nd5 $132) 13... c5 $1 {
Eine sehr energische Lösung des Stellungsproblems. Schwarz ergreift die
Initiative.} 14. Bxb5 Bxf3 15. gxf3 cxd4 16. Bxd7 (16. exd4 Rxc3 17. bxc3 Qxb5
$17) (16. Rxd4 Bh2+ 17. Kh1 Qxb5 18. Kxh2 Qh5 $36) 16... Nxd7 17. Rxd4 Ne5 18.
Kg2 Bc5 19. Rd1 Ng6 20. Qe4 Be7 $44 {Schwarz hat offensichtliche Kompensation
angesichts seines Entwicklungsvorsprungs und der gefährdeten weißen
Königsstellung.} 21. Ne2 Bf6 22. Nd4 Rd8 23. Rd2 Rd5 24. Rb1 Re5 25. Qc6 (25.
Nc6 Rg5+ 26. Kh1 Qb5 $15) 25... Rg5+ 26. Kf1 Bxd4 27. exd4 (27. Rxd4 Ne5) 27...
Rh5 28. Rc2 Rxh3 $17 29. Ke2 Rh1 30. b4 Ne7 31. Qc7 Qb5+ 32. Qc4 Qf5 33. Qc5 h5
34. Qxf5 Nxf5 35. Rc4 h4 36. Rb2 $6 (36. Ra1 $142 {/\ Bb2}) 36... h3 $19 37.
Bf4 h2 38. Bxh2 Rxh2 39. b5 Rd8 40. Rbb4 Rh4 0-1

[Event "FIDE-Wch k.o."]
[Site "Las Vegas"]
[Date "1999.08.06"]
[Round "3.1"]
[White "Bareev, Evgeny"]
[Black "Akopian, Vladimir Eduardovic"]
[Result "1/2-1/2"]
[WhiteElo "2698"]
[BlackElo "2646"]
[Annotator "Lutz,C"]
[PlyCount "59"]
[EventDate "1999.07.31"]
[EventType "k.o."]
[EventRounds "7"]
[EventCountry "USA"]
[SourceTitle "CBM 072"]
[Source "ChessBase"]
[SourceDate "1999.10.01"]
[SourceVersion "1"]
[SourceVersionDate "1999.10.01"]
[SourceQuality "1"]

1. d4 d5 2. c4 c6 3. Nc3 Nf6 4. e3 e6 5. Nf3 Nbd7 6. Qc2 Bd6 7. Bd3 dxc4 8.
Bxc4 O-O 9. O-O Qe7 10. h3 e5 (10... c5 {gilt als Ausgleichsvariante, aber
vielleicht hat Bareev hier eine Verbesserung parat ? Er spielte jedenfalls
diese Variante schon einmal gegen Serper:} 11. dxc5 Bxc5 12. e4 Bd6 13. Nb5 Bb8
$2 (13... Ne5 $142 {0-1 Sokolov,I-Timman,J/NLD-ch plof 1996/CBM 56/[Lutz] (45)}
) 14. b3 $16 {1-0 Bareev,E-Serper,G/New York 1998/CBM 64/[Lutz] (37)}) 11. Bb3
Bc7 12. Bd2 h6 13. Nh4 Rd8 {Akopian hatte auch einmal die Aufstellung des
Turmes auf e8 versucht:} (13... Re8 14. Nf5 Qf8 15. Rad1 Kh8 16. d5 Nc5 17.
dxc6 bxc6 18. Bc4 Rb8 19. Ng3 $13 {0-1 Arencibia,W-Akopian,V/Lucerne 1997/CBM
62/[Ftacnik] (38)}) 14. Nf5 Qf8 15. Rad1 exd4 (15... Nb6 $5 16. dxe5 Bxe5 17.
f4 (17. Nh4 Qe8 18. Nf3 Bc7 19. e4 Be6 20. Rfe1 Nfd7 21. Be3 Nc4 22. Bxc4 Bxc4
23. b3 Be6 24. Nb5 Bb8 25. Nbd4 Nf8 26. Nf5 Bc7 27. Bd4 f6 $11 {0-1 Ehlvest,
J-Liiva,R/Kalev 1997/EXT 98 (65)}) 17... Bc7 18. Ne2 a5 19. Bc3 Bxf5 20. Qxf5
Nbd5 21. Bd4 Bb6 22. Bxb6 Nxb6 23. Rxd8 Qxd8 24. Qc5 {1/2-1/2 Horvath,C-Sharma,
D/Calcutta 1998/CBM 62 ext (24)}) 16. exd4 Nb6 17. Rfe1 (17. Nxh6+ gxh6 18.
Qg6+ Qg7 19. Bxf7+ Kh8 20. Qxh6+ Qxh6 21. Bxh6 Nbd5 $13 {ist aus schwarzer
Sicht nicht zu fürchten.}) 17... Nbd5 18. Bxd5 Bxf5 $1 {Damit gleicht Schwarz
endgültig aus.} (18... Nxd5 $2 19. Nxd5 Bxf5 (19... Rxd5 20. Ne7+) 20. Nf6+
gxf6 21. Qxf5) 19. Bxf7+ Qxf7 20. Qxf5 Rxd4 $11 21. Be3 Rxd1 22. Rxd1 Bb6 23.
Bxb6 axb6 24. Rd4 b5 25. a3 Re8 26. g4 Qb3 27. Rb4 Qf7 28. Rd4 Qb3 29. Rb4 Qf7
30. Rd4 1/2-1/2

[Event "Pula zt 1.2"]
[Site "Pula"]
[Date "2000.04.11"]
[Round "1"]
[White "Huzman, Alexander"]
[Black "Pelletier, Yannick"]
[Result "1-0"]
[WhiteElo "2574"]
[BlackElo "2478"]
[Annotator "Lutz,C"]
[PlyCount "95"]
[EventDate "2000.04.11"]
[EventType "swiss"]
[EventRounds "11"]
[EventCountry "CRO"]
[SourceTitle "CBM 077"]
[Source "ChessBase"]
[SourceDate "2000.07.27"]
[SourceVersion "1"]
[SourceVersionDate "2000.07.27"]
[SourceQuality "1"]

1. d4 d5 2. c4 c6 3. Nc3 Nf6 4. e3 e6 5. Nf3 Nbd7 6. Qc2 Bd6 7. Bd3 O-O 8. O-O
dxc4 9. Bxc4 b5 10. Be2 Bb7 11. Rd1 Qb8 12. e4 $5 {Häufiger wurde hier 12.a3
gespielt:} (12. a3 Rc8 $5 13. h3 c5 $1 14. Bxb5 Bxf3 15. gxf3 cxd4 16. Bxd7
Nxd7 17. Rxd4 Ne5 18. Kg2 Bc5 19. Rd1 Ng6 20. Qe4 Be7 $44 {0-1 Benkovic,
P-Nisipeanu,L/Calimanesti 1999/CBM 70/[Lutz] (40)}) 12... e5 13. dxe5 Nxe5 14.
Nd4 Neg4 $6 {Vielleicht ist schon dieser Zug falsch.} (14... Ng6 $5 15. g3 Re8
16. Nf5 Bf8 17. a3 (17. Bg5 Qe5 18. Bf3 h6 19. Bxf6 Qxf6 20. Bg2 Ne5 21. f4 Ng4
22. e5 Qg6 23. Ne4 Qxf5 $1 24. Nf6+ gxf6 25. Qxf5 Bc5+ 26. Kh1 Nf2+ 27. Kg1
Nxd1+ 28. Kh1 Nf2+ 29. Kg1 Rad8 30. exf6 Rd5 31. Bxd5 Nd1+ 32. Kh1 Re1+ 33. Kg2
Ne3+ 34. Kf3 Nxf5 35. Rxe1 cxd5 36. Re8+ Kh7 {0-1 Lingnau,C-Knaak,R/Germany
1993/GER-chT (36)}) 17... a5 18. f3 h5 19. Be3 Bc8 20. Bf2 h4 21. g4 Nf4 22.
Bf1 Bxf5 23. gxf5 Be7 24. Kh1 Nh7 25. Ne2 Nxe2 26. Bxe2 c5 27. Rg1 c4 28. a4
Bf6 29. axb5 Qxb5 30. Qxc4 Qxc4 31. Bxc4 Bxb2 32. Ra2 Bf6 33. Bd5 Rab8 34. f4
Rb2 35. Rxb2 Bxb2 36. e5 Rd8 37. Rd1 Rb8 38. Bxh4 a4 39. Be7 a3 40. Rd3 Rb5 41.
Bc4 Rb8 42. Bxa3 {1-0 Foisor,C-Flear,G/St Affrique 1995/EXT 99 (42)}) 15. g3 b4
$6 {Für den Rest der Partie wird Schwarz jetzt an seinem geschwächten
Damenflügel zu knabbern haben.} (15... Re8 $5) 16. Bxg4 $1 {Weiß löst die
schwarze Initiative am Königsflügel auf und spielt auf die strukturellen
schwarzen Schwächen.} Nxg4 (16... bxc3 17. Bf3 $36 {ist nicht wesentlich
angenehmer.}) 17. Na4 g6 (17... c5 18. Nf5 $16) 18. Nc5 Bxc5 19. Qxc5 $16 {
Nun ist klar, dass Schwarz ein endloses Leiden erwartet.} Qe5 20. Qxe5 Nxe5 21.
Bf4 Rfe8 ({Vielleicht sollte Schwarz bereits drastische Maßnahmen ergreifen:} 
21... c5 $5 22. Bxe5 Rfe8 23. f4 cxd4 24. Rxd4 a5 $16 {mit einem Minusbauern,
aber vielleicht hat Schwarz noch kleine Chancen.}) 22. Nb3 Ba6 23. Bxe5 Rxe5
24. f4 Ree8 (24... Rxe4 25. Nc5 $18) 25. Rd4 Rad8 26. Rad1 Rb8 27. Kf2 Rb6 28.
Rc1 Bc8 29. Na5 Ra6 30. Rc5 {Im höheren Sinn ist die Partie bereits verloren.
Im weiteren Verlauf geht Huzman sehr systematisch vor.} Be6 31. b3 Rb8 32. Rd6
Rbb6 33. Ke3 Kf8 34. e5 h5 35. Kd2 Kg7 36. h4 {Jetzt ist der Königsflügel
abgesichert ...} Bh3 37. Kc1 Bf1 38. Kb2 {... und nun auch der Damenflügel.}
Rb5 $6 (38... Bb5 $5 39. Nc4 Bxc4 40. Rxc4 $18 {ist zwar letztlich auch
verloren, aber bot vielleicht etwas bessere Rettungschancen.}) 39. Rxb5 Bxb5
40. Nb7 $18 Rb6 41. Nc5 a5 42. Rd7 Kg8 43. Rd8+ Kg7 44. Ra8 Be2 45. Rxa5 Rb8
46. Ne4 Bf3 47. Nd6 Bd5 48. Ra7 1-0

[Event "NED-ch55"]
[Site "Rotterdam"]
[Date "2000.05.12"]
[Round "5"]
[White "Van Wely, Loek"]
[Black "Van den Doel, Erik"]
[Result "1-0"]
[WhiteElo "2646"]
[BlackElo "2522"]
[Annotator "Lutz,C"]
[PlyCount "91"]
[EventDate "2000.05.07"]
[EventType "tourn"]
[EventRounds "11"]
[EventCountry "NED"]
[EventCategory "12"]
[SourceTitle "CBM 077"]
[Source "ChessBase"]
[SourceDate "2000.07.27"]
[SourceVersion "1"]
[SourceVersionDate "2000.07.27"]
[SourceQuality "1"]

1. c4 c6 2. d4 d5 3. Nc3 Nf6 4. e3 e6 5. Nf3 Nbd7 6. Qc2 Bd6 7. Bd3 O-O 8. O-O
h6 9. b3 b6 10. Bb2 Bb7 11. Rfd1 Qe7 12. cxd5 cxd5 ({Nach} 12... exd5 13. Nh4
$14 {wirkt sich die Schwächung des Feldes g6 aus (ein Nachteil von 8...h6), z.
B.} g6 $2 14. Bxg6 fxg6 15. Qxg6+ Kh8 16. Nf5 $18) 13. Nb5 Rfc8 14. Qe2 Bb8 15.
Rdc1 (15. Ba3 Qd8 16. Rac1 Rxc1 17. Rxc1 Ne8 $1 18. g3 a6 19. Nc3 Bd6 20. Bxd6
Nxd6 $11 21. Ne5 Rc8 22. Nxd7 Qxd7 23. Bxa6 Ne4 24. Bxb7 Nxc3 25. Rxc3 Rxc3 26.
Ba6 Qc7 27. Qb5 g6 28. a4 Rc2 29. Qd3 Rb2 30. Qd1 Qc3 31. Bb5 Kg7 32. Qf3 Qc7
33. e4 Qc1+ 34. Kg2 Rb1 35. Kh3 Qc2 36. Be8 f6 37. Qf4 Qc8 38. Bxg6 Kxg6 39.
Qg4+ Kf7 40. exd5 Qd7 41. Qh5+ Ke7 42. Qg6 e5+ 43. Kg2 Qxd5+ {0-1 Topalov,
V-Ivanchuk,V/Monte Carlo 1997/CBM 57 ext (43)}) 15... a6 $6 (15... Rxc1+ 16.
Rxc1 Ne8 {nebst ...a7-a6 (analog zu Topalov,V-Ivanchuk,V) bot sich an.}) 16.
Rxc8+ Bxc8 17. Ba3 Qd8 18. Nd6 Bxd6 19. Bxd6 $14 {Durch das Läuferpaar hat
Weiß leichten Vorteil.} Ne4 20. Ba3 Bb7 21. Ne1 Rc8 22. f3 Nef6 23. Qd2 Nb8 24.
g4 Nbd7 25. Ng2 e5 26. Be2 exd4 27. exd4 Nf8 28. h4 Ne6 29. Ne3 g6 30. Ng2 h5
31. g5 Ne8 32. Bb2 Nd6 33. Bd3 Ng7 34. Re1 Qd7 35. Re5 Qh3 36. Qe2 Ngf5 $2 {
Danach bricht die schwarze Stellung zusammen.} (36... a5 $14) 37. Bxf5 Nxf5 38.
Re8+ Kh7 (38... Rxe8 39. Qxe8+ Kg7 40. Ba3 $18) 39. Qe5 Ng7 (39... Rxe8 40.
Qxe8 Nd6 41. Qe7 Qe6 42. Qc7 $16) 40. Re7 $1 Qxf3 (40... Rc2 41. Ne1 Rxb2 42.
Rxf7 $18) 41. Qf6 $1 Qd1+ 42. Kh2 Rc2 43. Qxf7 Rxg2+ 44. Kxg2 Qg4+ 45. Kf1 Qh3+
46. Ke2 1-0

[Event "GRE-ch 48th"]
[Site "Athens"]
[Date "1998.12.17"]
[Round "5"]
[White "Banikas, Hristos"]
[Black "Skembris, Spyridon"]
[Result "0-1"]
[WhiteElo "2490"]
[BlackElo "2480"]
[Annotator "Lutz,C"]
[PlyCount "80"]
[EventDate "1998.12.08"]
[EventType "tourn"]
[EventRounds "11"]
[EventCountry "GRE"]
[EventCategory "7"]
[SourceTitle "CBM 069"]
[Source "ChessBase"]
[SourceDate "1999.04.01"]
[SourceVersion "1"]
[SourceVersionDate "1999.04.01"]
[SourceQuality "1"]

1. d4 d5 2. c4 c6 3. Nc3 Nf6 4. Nf3 e6 5. e3 Nbd7 6. Qc2 Bd6 7. Bd3 O-O 8. O-O
Re8 $5 {Eine bislang wenig geteste Möglichkeit.} (8... dxc4) (8... Qe7 $6) (
8... e5 $6) 9. e4 dxc4 10. Bxc4 e5 11. Bxf7+ $2 {Zu optimistisch} (11. Rd1 Qe7
12. Bf1 a6 13. h3 exd4 14. Nxd4 Nc5 15. Nf5 Bxf5 16. exf5 Qc7 17. g3 Re7 18.
Bg5 Ncd7 19. Bg2 Rae8 $11 {1/2-1/2 Karpov,A-Ivanchuk,V/Monte Carlo 1997/CBM 57
ext (62)}) 11... Kxf7 12. Qb3+ Kf8 13. Ng5 Re7 14. f4 exd4 15. e5 Nc5 16. Qc4
dxc3 17. exf6 gxf6 18. Be3 b5 (18... cxb2 $5 19. Rad1 b1=Q 20. Rxb1 b5 21. Qc3
Rxe3 $19 {führt zur Partie, aber ohne den weißen b-Bauern}) 19. Qxc3 Rxe3 20.
Nxh7+ Kg7 21. Qxe3 Kxh7 $19 22. b4 Qe7 23. Qf3 Ne4 24. Qh5+ Kg7 25. f5 Bxb4 26.
Qg6+ Kf8 27. Rad1 Ba6 28. Qh5 Bc5+ 29. Kh1 Qg7 30. Qh4 Re8 31. Rf4 Nf2+ 32.
Rxf2 Bxf2 33. Qxf2 b4 34. h3 Bb5 35. Qh4 Kg8 36. Rd4 Be2 37. Re4 Rxe4 38. Qxe4
Bh5 39. Qxc6 Qe7 40. Qc4+ Bf7 0-1

[Event "ROM-ch"]
[Site "Bucharest"]
[Date "1998.12.14"]
[Round "7"]
[White "Marin, Mihail"]
[Black "Dumitrache, Dragos Nicolae"]
[Result "1-0"]
[WhiteElo "2530"]
[BlackElo "2420"]
[Annotator "Lutz,C"]
[PlyCount "97"]
[EventDate "1998.12.08"]
[EventType "tourn"]
[EventRounds "15"]
[EventCountry "ROU"]
[EventCategory "9"]
[SourceTitle "CBM 069"]
[Source "ChessBase"]
[SourceDate "1999.04.01"]
[SourceVersion "1"]
[SourceVersionDate "1999.04.01"]
[SourceQuality "1"]

1. c4 c6 2. Nf3 d5 3. e3 e6 4. Nc3 Nd7 5. Qc2 Ngf6 6. d4 Bd6 7. Bd3 O-O 8. O-O
dxc4 9. Bxc4 e5 {Wenn Schwarz sich mit ...e6-e5 aufbauen will, ist es
möglicherweise genauer, erst ...Qe7 zu spielen.} (9... Qe7 10. a3 (10. Bd2 a6
$5 11. a4 c5) 10... e5) 10. Bb3 {Dieser Zug, in Kombination mit dem nächsten,
ist derzeit der stärkste Aufbau für Weiß. Weiß entwickelt sich zügig und
verschwendet keine Zeit auf Züge wie a2-a3 und h2-h3.} Qe7 11. Bd2 e4 12. Ng5
Bxh2+ 13. Kxh2 Ng4+ 14. Kg1 Qxg5 15. Qxe4 Ndf6 16. Qf4 Qh4 (16... Qxf4 17. exf4
$14 {ist ein besseres Endspiel für Weiß, wie verschiedene Partien zeigten.})
17. f3 g5 18. Qd6 $1 (18. Be1 Qh6 19. Qd6 Nxe3 20. Ne4 Be6 21. Bxe6 Nxe4 22.
Bxf7+ Kg7 23. Qe5+ Kxf7 24. fxe4+ Nxf1 25. Bb4 Qh2+ 26. Qxh2 Nxh2 27. Bxf8 Rxf8
28. Kxh2 Ke6 29. Re1 Rf2 30. Kg3 Rxb2 31. Rh1 Rb4 32. Rh6+ Kf7 33. Rxh7+ Ke6
34. Rh6+ Kf7 35. Rd6 Ke7 36. e5 Ra4 37. Kg4 c5 38. Kxg5 Rxd4 39. Rxd4 cxd4 40.
Kf4 Ke6 41. Ke4 d3 42. Kxd3 Kxe5 43. Kc4 Kf4 44. Kc5 Kg3 45. Kd6 Kxg2 46. Kc7
b5 47. Kb7 b4 48. Kxa7 Kf3 49. Kb6 Ke4 50. Kc5 Ke5 {1/2-1/2 Kramnik,V-Shirov,A/
Frankfurt 1996/EXT 98 (50)}) 18... Ne8 19. Qxf8+ $1 {Dieses Damenopfer wurde
zuerst von Sakaev angewandt. Weiß erhält kräftigen Angriff gegen den
gegnerischen König.} Kxf8 20. fxg4 Nd6 (20... f6 21. Ne4 Kg7 22. Bd1 Be6 23.
Be1 Qh6 24. Bc3 Qg6 25. Ng3 Qd3 26. Kh2 Rd8 27. Be2 Qg6 28. e4 Kg8 29. Rf2 Nd6
30. d5 Qh6+ 31. Kg1 Qh4 32. dxe6 Qxg3 33. Rd1 Kf8 34. Rd3 {1-0 Sakaev,
K-Kobalija,M/St.Petersburg 1997/CBM 62/[Baburin] (34)}) 21. Rf6 Ke7 22. Raf1
Bxg4 23. Be1 $2 {Weiß geht an einer brillanten Kombination vorbei.} (23. Rxd6
$3 {[%mdl 192]} Kxd6 24. Be1 Qh5 (24... Qh6 25. Rxf7 (25. Rf6+ Qxf6 26. Ne4+
Ke7 27. Bb4+ {führt nur zu einer technischen Gewinnstellung.}) 25... c5 26. Bd5
cxd4 27. exd4 $18 {und 28.Bg3 matt kann nur noch durch 28...Qh4 verhindert
werden.}) 25. Rxf7 Qxf7 26. Bxf7 $18) 23... Qxe1 24. Rxf7+ Nxf7 25. Rxe1 Nd6
26. e4 {Obwohl Schwarz die Dame zurückgegeben hat und das Material
ausgeglichen ist, behält Weiß die Initative. Es droht e4-e5 nebst d4-d5.} b5
27. e5 Nc4 28. d5 Bd7 29. a4 a6 30. Bxc4 bxc4 31. Rf1 Rb8 32. Rf6 cxd5 33.
Nxd5+ Ke8 34. Rxa6 Bf5 35. g4 Bg6 36. e6 Rd8 37. Ra5 Bc2 38. Kf2 Bb3 39. e7 Rc8
40. Ra7 Kf7 41. a5 Bc2 42. Rd7 Ba4 43. Rd8 Rc5 44. a6 Ra5 45. Rf8+ Ke6 46. Rf5
Kd6 47. Nc3 Rxf5+ 48. gxf5 Bc6 49. f6 1-0